00637nam a2200205Ia 4500003000400000005001700004008004100021020002400062040000700086041000800093082001600101100002600117245004900143260004500192300000900237650002200246942001300268999001900281952013100300OSt20250926124015.0250729s2005 xx 000 0 und d a ‎ 978-8171692668 cAL aeng a370.78 SHAI aShan Hans Raj9222791 aIdentification and development of creativity aNew DelhibCommonwealth Publishersc2005 a248p aEducation9222792 2ddccBED c235612d235612 00104070aALbALd2025-07-29eSita Book Houseg165.00l0o370.78 SHAIpBED00931r2025-07-29 16:54:09v165.00w2025-07-29yBK